London Tube Lines Quiz Stats

 Plays Quiz Updated Oct 4, 2018

Score 0/11 Timer 02:00
8 Plays Today
Line % Correct
Circle
87.7%
Central
84.1%
Bakerloo
83.9%
Northern
83.3%
Piccadilly
81.7%
Victoria
78.6%
District
78.2%
Jubilee
77.1%
Hammersmith & City
66.3%
Metropolitan
61.5%
Waterloo & City
45.3%

You're not logged in!

Compare scores with friends on all Sporcle quizzes.
OR
Log In

Sporcle TV

Today on Sporcle TV


Watch our educational content, quiz creation guides, and fun videos on Sporcle TV.

Show Comments

Extras

Top Quizzes Today


Score Distribution

Your Account Isn't Verified!

In order to create a playlist on Sporcle, you need to verify the email address you used during registration. Go to your Sporcle Settings to finish the process.

Report this User

Report this user for behavior that violates our Community Guidelines.

Details: